Medical Surgical Nursing II (Record no. 159119)

MARC details
000 -LEADER
fixed length control field 00345nam a2200133Ia 4500
008 - FIXED-LENGTH DATA ELEMENTS--GENERAL INFORMATION
fixed length control field 230519s9999 xx 000 0 und d
041 ## - LANGUAGE CODE
Language code of text/sound track or separate title eng
082 ## - DEWEY DECIMAL CLASSIFICATION NUMBER
Classification number MS/610.73677/ANS/DB0299
100 ## - MAIN ENTRY--PERSONAL NAME
Personal name Ansari Javed
245 ## - TITLE STATEMENT
Title Medical Surgical Nursing II
260 ## - PUBLICATION, DISTRIBUTION, ETC. (IMPRINT)
Name of publisher, distributor, etc. S Vikas and Co
Place of publication, distribution, etc. Jalandhar
Date of publication, distribution, etc. 2013
300 ## - PHYSICAL DESCRIPTION
Extent 1368p
Holdings
Withdrawn status Lost status Damaged status Not for loan Collection code Home library Current library Date acquired Cost, normal purchase price Bill number Total Checkouts Total Renewals Full call number Barcode Date last seen Date last checked out Bill Date Koha item type Original Barcode
        MS Smt. Bakul Tambat Institute of Nursing Education Smt. Bakul Tambat Institute of Nursing Education 22/07/2014 1500.00 589 10 7 MS 610.73677 ANS DB0299 BTIN-DB-299 16/04/2025 12/03/2025 19/07/2014 Donated Book DB0299